| 000 | 00462nam a2200169Ia 4500 | ||
|---|---|---|---|
| 008 | 230917s9999||||xx |||||||||||||| ||und|| | ||
| 020 | _cRS2500 | ||
| 040 |
_e249806 _aMAIN |
||
| 041 | _aEnglish | ||
| 082 | _a660.6024576 S92M | ||
| 100 | _aShukla, R N | ||
| 245 | 0 | _aMicrobial biotechnology | |
| 260 |
_aNew Delhi _bShree Publishers & Distributors _c2013 |
||
| 300 | _avii, 304 p. | ||
| 500 | _a3260 28/08/2018 IBS18/102 30/08/2018 Main Budget | ||
| 942 | _cBK | ||
| 999 |
_c28077 _d28077 |
||